Smlouvou k hospodářské etice.
Etika v hospodárskom živote umožňuje spravodlivejšie spoločenstvo, obmedzuje bezprávie a sociálne konflikty. Z morálnych javov sa hospodárska etika zaoberá predovšetkým spravodlivosťou, sleduje ľudské vzťahy, ponecháva každému čo je jeho, čo mu právom patrí. Prejavy spravodlivosti v hospodárskej čin...
Gespeichert in:
| 1. Verfasser: | |
|---|---|
| Format: | Buchkapitel |
| Sprache: | Tschechisch |
| Schlagworte: | |
| Tags: |
Keine Tags, Fügen Sie das erste Tag hinzu!
|
MARC
| LEADER | 00000naa a2200000 4500 | ||
|---|---|---|---|
| 001 | r009388 | ||
| 005 | 20220831084715.4 | ||
| 041 | 0 | |a cze | |
| 044 | |a [CS] | ||
| 245 | 1 | 0 | |a Smlouvou k hospodářské etice. |c E. Liška |
| 520 | |a Etika v hospodárskom živote umožňuje spravodlivejšie spoločenstvo, obmedzuje bezprávie a sociálne konflikty. Z morálnych javov sa hospodárska etika zaoberá predovšetkým spravodlivosťou, sleduje ľudské vzťahy, ponecháva každému čo je jeho, čo mu právom patrí. Prejavy spravodlivosti v hospodárskej činnosti. Dominantný význam zmluvy pri realizácii hospodárskej etiky. | ||
| 610 | 2 | 0 | |a etika |
| 610 | 2 | 0 | |a správanie hospodárske |
| 610 | 2 | 0 | |a zmluvy hospodárske |
| 610 | 2 | 0 | |a vzťahy medziľudské |
| 610 | 2 | 0 | |a vzťahy zmluvné |
| 100 | 1 | |a Liška, E. | |